Entry Personal Name
Number of records used in: 1
001 - CONTROL NUMBER
003 - CONTROL NUMBER IDENTIFIER
005 - DATE AND TIME OF LATEST TRANSACTION
- control field:
20220919143628.0
008 - FIXED-LENGTH DATA ELEMENTS
- fixed length control field:
800709n| azannaabn |a aaa
010 ## - LIBRARY OF CONGRESS CONTROL NUMBER
- LC control number:
n 50017124
035 ## - SYSTEM CONTROL NUMBER
- System control number:
(OCoLC)oca00052575
040 ## - CATALOGING SOURCE
- Original cataloging agency:
DLC
- Language of cataloging:
eng
- Description conventions:
rda
- Transcribing agency:
DLC
- Modifying agency:
DNLM
- Modifying agency:
OClW
- Modifying agency:
DNLM
- Modifying agency:
IEN
046 ## - SPECIAL CODED DATES
100 1# - HEADING--PERSONAL NAME
- Personal name:
Sadock, Benjamin J.,
- Dates associated with a name:
1933-
378 ## - FULLER FORM OF PERSONAL NAME
- Fuller form of personal name:
Benjamin James
400 1# - SEE FROM TRACING--PERSONAL NAME
- Personal name:
Sadock, Benjamin James,
- Dates associated with a name:
1933-
670 ## - SOURCE DATA FOUND
- Source citation:
Kaplan, H. I. Comprehensive group psychotherapy, 1971
670 ## - SOURCE DATA FOUND
- Source citation:
Kaplan & Sadock's synopsis of psychiatry, 2007:
- Information found:
ECIP t.p. (Benjamin James Sadock, M.D.; Menas S. Gregory prof. of Psychiatry and Vice Chairman, Dept. of Psychiatry, New York Univ. School of Medicine; attending psychiatrist, Tisch Hosp.and Bellevue Hosp.Center; consul. psychiatrist, Lenox Hill Hosp.)
670 ## - SOURCE DATA FOUND
- Source citation:
Kaplan & Sadock's concise textbook of clinical psychiatry, c2004:
- Information found:
t.p. (Benjamin James Sadock, M.D.)
670 ## - SOURCE DATA FOUND
- Source citation:
Marquis who's who on the Web, Oct. 27, 2008
- Information found:
(Benjamin James Sadock, psychiatrist, educator; b. New York City, Dec. 22, 1933; MD, New York Medical Coll., 1959)